000
00350nam a2200157Ia 4500
100
_a
Hamel/Gary
942
_c
RB
366
_f
10
654
_a
future of management
245
_a
The future of Management
260
_b
Harward Business School Press
_a
Mumbai
_c
2007
082
_a
658/HAM
_b
HAM
300
_a
272
546
_a
ENGLISH
999
_c
34860
_d
34860